Developments in Global Navigation Satellite Systems: GPS modernised, Galileo launched (Record no. 70097)
[ view plain ]
| 000 -LEADER | |
|---|---|
| fixed length control field | 01230cam a2200241 4500 |
| 001 - CONTROL NUMBER | |
| control field | ABS65388 |
| 008 - FIXED-LENGTH DATA ELEMENTS--GENERAL INFORMATION | |
| fixed length control field | 020426n2002 000 0 eng u |
| 035 ## - SYSTEM CONTROL NUMBER | |
| System control number | (Sirsi) u117713 |
| 100 ## - MAIN ENTRY--PERSONAL NAME | |
| Personal name | Tiberius, C |
| 245 ## - TITLE STATEMENT | |
| Title | Developments in Global Navigation Satellite Systems: GPS modernised, Galileo launched |
| 260 ## - PUBLICATION, DISTRIBUTION, ETC. | |
| Date of publication, distribution, etc. | 2002 |
| 490 ## - SERIES STATEMENT | |
| Series statement | Hydrographic Journal |
| Volume/sequential designation | (104) April 2002, 3-7(5) |
| 520 ## - SUMMARY, ETC. | |
| Summary, etc. | This paper provides an overview of the technical developments of Global Navigation Satellite Systems (GNSS), such as the US Global Positioning System (GPS) and the proposed European Galileo system. After a brief historical overview, the modernisation of GPS will be discussed; in particular the signals to be made available in the coming years to civil users of the system. Although Galileo is still under development, it is demonstrated that high-precision applications will benefit significantly from an integrated GPS/Galileo positing system. References. Graphs. Figures. [TAKEN FROM JOURNAL HEADNOTE] |
| 590 ## - LOCAL NOTE (RLIN) | |
| Local note | ABS |
| 650 ## - SUBJECT ADDED ENTRY--TOPICAL TERM | |
| Topical term or geographic name entry element | GALILEO |
| 650 ## - SUBJECT ADDED ENTRY--TOPICAL TERM | |
| Topical term or geographic name entry element | GLONASS |
| 650 ## - SUBJECT ADDED ENTRY--TOPICAL TERM | |
| Topical term or geographic name entry element | GNSS |
| 650 ## - SUBJECT ADDED ENTRY--TOPICAL TERM | |
| Topical term or geographic name entry element | GLOBAL POSITIONING SYSTEM |
| 650 ## - SUBJECT ADDED ENTRY--TOPICAL TERM | |
| Topical term or geographic name entry element | GPS |
| 690 ## - LOCAL SUBJECT ADDED ENTRY--TOPICAL TERM (OCLC, RLIN) | |
| Topical term or geographic name as entry element | Geomatics |
| 9 (RLIN) | 6242 |
| 700 ## - ADDED ENTRY--PERSONAL NAME | |
| Personal name | De Jong, K |
| 942 ## - ADDED ENTRY ELEMENTS (KOHA) | |
| Suppress in OPAC | 0 |
| Withdrawn status | Lost status | Source of classification or shelving scheme | Damaged status | Not for loan | Home library | Current library | Shelving location | Date acquired | Total Checkouts | Full call number | Barcode | Date last seen | Copy number | Price effective from | Koha item type |
|---|---|---|---|---|---|---|---|---|---|---|---|---|---|---|---|
| Dewey Decimal Classification | London | London | Journal article | 26/04/2002 | ABS65388 | 117713-1001 | 06/08/2019 | 1 | 06/08/2019 | Journal article |